000 00975nam0a22002651 4500
001 rc\131236
005 20250620202039.0
010 _a5-88138-012-6
_9100000
035 _a(NLR Aleph) 005405688
090 _a7320152
_c7320152
100 _a20030307d1993 |||y0rusy50 ca
101 0 _arus
102 _aRU
105 _aa |||||||||
200 1 _aЧто нам стоит дом построить...
_dTo build a house? No problem!
_e[Учеб. пособие для дошкольников и мл. школьников, изучающих англ. яз.
_fАндрух М.В.]
210 _aМ.
_cПримат
_dБ. г. (1993)
215 _a64 с.
_cил.
_d30
_eТетрадь-расклейка ([16] с.: ил.)
225 1 _aЯ сам!
510 0 _aTo build a house? No problem!
701 1 _aАндрух
_bМ.В.
_gМарина Валерьевна
801 0 _aRU
_bNLR
_gpsbo
801 1 _aRU
_bELAR
_2rusmarc
852 _aNLR
_j94-8/299
942 _cBOOK
980 _aNB